| 000 | 03044nam a22003377a 4500 | ||
|---|---|---|---|
| 001 | 1516 | ||
| 003 | FISKH | ||
| 005 | 20250530115011.0 | ||
| 008 | 230901b cb ||||| |||| 00| 0 khr d | ||
| 020 | _a9789995054854 | ||
| 040 |
_aFISKH _beng _cFISKH _dFISKH |
||
| 082 | _a959.6 | ||
| 100 | _aMengheang, Sunheng | ||
| 245 |
_aយើងទៅទស្សនាប្រាសាទអង្គរ / _bអង្គរវត្ត និងបាយ័ន _cនិពន្ធដោយ ស៊ុនហេង ម៉េងឈាង និង ហួត សារិទ្ធ ក្រោមការដឹកនាំរបស់ Francoise Recamier - ដោយមានការសហការពី Olivier Cunin, Bertrand Port និង Dominique Soutif |
||
| 250 | _aបោះពុម្ពលើកទី ៦ ខែកញ្ញា ២០២២ | ||
| 260 |
_aPhnom Penh : _bSipar, _c2022. |
||
| 300 |
_a51 pages : _bmap ; color illustrations ; _c20 cm |
||
| 490 | _aខ្ញុំចង់ដឹង | ||
| 505 | _aZ' | ||
| 520 | _aស្វែងយល់អង្គរភាគទី១ (អង្គរវត្ត និងបាយ័ន) ណែនាំអ្នកអានឱ្យយល់ដឹងបន្ថែមអំពីប្រាសាទអង្គរវត្ត និងប្រាសាទបាយ័ន ដោយផ្អែកលើការយល់ដឹងអំពីចម្លាក់ទាបនៃប្រាសាទទាំងនោះ។ ការផ្តល់ជំនួយសង្គ្រោះទាបនីមួយៗផ្តល់នូវព័ត៌មាន និងដំណើររឿងផ្សេងៗគ្នា៖ ខ្លះជាប្រវត្តិសាស្ត្រ ទេវកថា វីរភាពឥណ្ឌា (មហាបារ៉ាត និងរាមាយណៈ) និងជីវិតប្រចាំថ្ងៃ (បាយ័ន)។ ជាងនេះទៅទៀត វាក៏បង្ហាញពីជំនឿនៃសាសនាហិណ្ឌូដែលផ្អែកលើអបិយជំនឿផងដែរ។ | ||
| 520 | _aExploring Angkor Part 1 (Angkor Wat and Bayon) guides readers to know more about Angkor Wat and Bayon temple based on understanding the low reliefs of those temples. Each low relief provides different information and story: some are history, mythology, Indian Epics (Mahabarata and Ramayana) and daily life (Bayon). Moreover, it also demonstrates the belief of Hinduism based on the reliefs. | ||
| 521 | 8 |
_a1000
_bLexile estimate |
|
| 521 | 8 |
_aZ'
_bRaz-Plus |
|
| 600 |
_vMythology _xHistory _yDaily life |
||
| 600 |
_vទេវកថា _xប្រវត្តសាស្ត្រ _yជីវិតប្រចាំថ្ងៃ |
||
| 700 |
_aSarith, Huot _qAuthor |
||
| 700 |
_aSovanrith, Khun _eillustrator |
||
| 700 |
_aVisoth, Seng _eillustrator |
||
| 700 |
_aRotha, Ouk _eillustrator |
||
| 942 |
_2ddc _cBK _n0 |
||
| 999 |
_c1516 _d1516 |
||